El feminismo natural : humor y extravagancia en María Jiménez, Brigitte Fontaine y otras divas (1960-2020)

En este libro se materializa un feminismo sin dogmas ni teorías, común, impreciso y esencial, que existe sin permiso de nadie como ente del lugar habitado por los infinitos especímenes de mujeres de cualquier sexo, raza, tiempo y cultura. He llamado "feminismo natural" al que nos incita diariamente...

Full description

Bibliographic Details
Main Author: González Jurado, Deborah
Format: Libro
Language:Spanish
Published: Málaga : UMA, 2022.
Series:Atenea 107
Subjects:
Online Access:

MARC

LEADER 00000nam a22000007a 4500
003 UAHC
005 20250401145622.0
008 250331s2022 sp |||| |||| 00| 0 spa d
020 |a 9788413351483 
035 |a CENTRAL 
040 |a UAHC  |c UAHC 
082 |2 21  |a 305.42  |b G643 
100 |a González Jurado, Deborah  |9 21338 
245 |a El feminismo natural :  |b humor y extravagancia en María Jiménez, Brigitte Fontaine y otras divas (1960-2020)  |c Deborah González Jurado. 
260 |a Málaga :  |b UMA,  |c 2022. 
300 |a 338 páginas. 
440 |a Atenea  |v 107  |9 21343 
520 |a En este libro se materializa un feminismo sin dogmas ni teorías, común, impreciso y esencial, que existe sin permiso de nadie como ente del lugar habitado por los infinitos especímenes de mujeres de cualquier sexo, raza, tiempo y cultura. He llamado "feminismo natural" al que nos incita diariamente a la rebeldía y a la burla, a la coquetería y la indolencia, a la picaresca y la carcajada... Socio de contradicciones y experto en estigmas e interdicciones, a modo de oráculo antiguo, existe porque allí acudimos todas las amazonas de la supervivencia, y nos alivia cual si de oráculo antiguo se tratase. Porque todas en algún momento hemos paladeado el drama de nacer mujer y, para sobrevivir, las que no morimos en el intento, nos encaramamos por encima de rupturas, escollos y convenciones. 
650 0 |a Cantantes  |x (Mujeres)  |9 21339 
650 0 |a Feminismo y música  |9 21340 
650 0 |a Teoría feminista  |9 5079 
653 |a Colección Interculturalidad 
942 |2 ddc  |c BK 
952 |0 0  |1 0  |2 ddc  |4 0  |6 305_420000000000000_GON  |7 0  |8 COMP  |9 100663  |a BC  |b BC  |c Interculturalidad  |d 2025-03-31  |e Donación  |g 14319.00  |l 0  |o 305.42 GON  |p 1445037  |r 2025-11-26 00:00:00  |t 1  |w 2025-03-31  |y BK 
952 |0 0  |1 0  |2 ddc  |4 0  |6 305_420000000000000_GON  |7 0  |8 COMP  |9 100664  |a BC  |b BC  |c Interculturalidad  |d 2025-03-31  |e Donación  |g 14319.00  |l 0  |o 305.42 GON  |p 1445038  |r 2025-11-26 00:00:00  |t 2  |w 2025-03-31  |y BK 
952 |0 0  |1 0  |2 ddc  |4 0  |6 305_420000000000000_GON  |7 0  |8 COMP  |9 100665  |a BR  |b BR  |c Interculturalidad  |d 2025-03-31  |e Donación  |g 14319.00  |l 0  |o 305.42 GON  |p 1445039  |r 2026-01-14 00:00:00  |t 1  |w 2025-03-31  |y BK 
999 |c 62528  |d 62528